Countries with Russian Expatriates - Statistics

General Stats
  • This quiz has been taken 2,901 times
  • The average score is 17 of 20
Answer Stats
number country % Correct
3,100,000 United States
99%
8,300,000 Ukraine
98%
1,213,000 Germany
94%
4,500,000 Kazakhstan
93%
800,000 Belarus
92%
100,000 Canada
91%
570,000 Latvia
89%
310,000 Estonia
88%
180,000 Lithuania
87%
200,000 France
86%
1,600,000 Uzbekistan
86%
68,000 Georgia
83%
68,000 Tajikistan
83%
300,000 Turkmenistan
83%
600,000 Kyrgyzstan
82%
140,000 Azerbaijan
81%
68,000 Australia
72%
370,000 Moldova
71%
200,000 Brazil
67%
339,000 Israel
46%
No matching quizzes found
Score Distribution
Percent of People with Each Score
Percentile by Number Answered
Your Score History
You have not taken this quiz